Normal view
MARC view
- Hijazi.M.A Dr
Entry Personal Name
001 - CONTROL NUMBER
- control field: 93895
003 - CONTROL NUMBER IDENTIFIER
- control field: NUST
005 - DATE AND TIME OF LATEST TRANSACTION
- control field: 20220719183031.0
008 - FIXED-LENGTH DATA ELEMENTS
- fixed length control field: 220719|| aca||aabn | a|a d
040 ## - CATALOGING SOURCE
- Original cataloging agency: NUST
- Transcribing agency: NUST
100 ## - HEADING--PERSONAL NAME
- Personal name: Hijazi.M.A Dr
670 ## - SOURCE DATA FOUND
- Source citation: Work cat.: (NUST)176769: Hijazi.M.A Dr, Mass Communication, 2004
